[Event "SR 3. liga A2 2006/2007"]
[Site "?"]
[Date "2007.03.11"]
[Round "10"]
[White "Bott, Tamas"]
[Black "Hertel, Ondrej"]
[Result "0-1"]
[WhiteElo "1902"]
[BlackElo "1990"]
[Annotator "Gabcíkovo - Hlohovec jun.  /5/"]
[PlyCount "40"]
[EventDate "2006.??.??"]

1. e4 c6 2. d4 d5 3. exd5 cxd5 4. Nf3 Bg4 5. Nc3 e6 6. Be2 Nf6 7. O-O Nc6 8.
Bg5 Be7 9. Re1 O-O 10. a3 Bxf3 11. Bxf3 Qb6 12. Rb1 Qxd4 13. Qc1 Qb6 14. h4 Qd8
15. h5 h6 16. Bxh6 gxh6 17. Qxh6 Nh7 18. Be4 dxe4 19. Rxe4 Bg5 20. Rg4 Kh8 0-1

[Event "SR 3. liga A2 2006/2007"]
[Site "?"]
[Date "2007.03.11"]
[Round "10"]
[White "Kollarik, Gorazd"]
[Black "Kosar, Mikulas ml"]
[Result "1-0"]
[WhiteElo "1976"]
[BlackElo "1951"]
[Annotator "Gabcíkovo - Hlohovec jun.  /6/"]
[PlyCount "87"]
[EventDate "2006.??.??"]

1. e4 e6 2. d4 c5 3. Nf3 Nc6 4. d5 exd5 5. exd5 Qe7+ 6. Be2 Ne5 7. O-O g6 8.
Re1 f6 9. c4 d6 10. Nc3 Bg7 11. Nd2 Qd8 12. f4 Nf7 13. Bg4+ Ne7 14. Bxc8 Qxc8
15. Qe2 Qd7 16. Nf3 f5 17. Bd2 Bf6 18. Qe6 Bg7 19. Re2 Nd8 20. Qxd7+ Kxd7 21.
Rae1 Bf6 22. b3 Re8 23. Nb1 h6 24. Bc3 Bxc3 25. Nxc3 Rb8 26. Nh4 Nf7 27. Re6 a6
28. Rf6 Nh8 29. Ree6 Ng8 30. Rxd6+ Kc7 31. Rfe6 Ne7 32. Na4 Nc8 33. Rxe8 Nxd6
34. Rxb8 Kxb8 35. Nxc5 g5 36. fxg5 hxg5 37. Nf3 Nhf7 38. Kf2 a5 39. a4 g4 40.
Nd4 Ne5 41. Ke3 Ng6 42. Nce6 b6 43. g3 Kb7 44. Ng7 1-0

[Event "SR 3. liga A2 2006/2007"]
[Site "?"]
[Date "2007.03.11"]
[Round "10"]
[White "Kosar, Mikulas st"]
[Black "Synak, Jan"]
[Result "0-1"]
[WhiteElo "1981"]
[BlackElo "1802"]
[Annotator "Gabcíkovo - Hlohovec jun.  /7/"]
[PlyCount "72"]
[EventDate "2006.??.??"]

1. e4 c6 2. d4 d5 3. e5 Bf5 4. Bd3 Bxd3 5. Qxd3 e6 6. Nf3 Nd7 7. Bf4 Qb6 8. b3
Ne7 9. Nbd2 Ng6 10. Be3 Be7 11. c4 Qa6 12. Qc2 b6 13. O-O Rc8 14. a4 O-O 15.
Qc3 Qb7 16. Ng5 c5 17. Ngf3 cxd4 18. Bxd4 Rfd8 19. Rab1 a5 20. Qe3 Bc5 21. Bxc5
Rxc5 22. Rfe1 Qc7 23. Qd4 dxc4 24. Qd6 Qxd6 25. exd6 cxb3 26. Rxb3 Rc6 27. Rd3
Nc5 28. Rd4 Rcxd6 29. Rxd6 Rxd6 30. Ra1 Nd7 31. Kf1 Nge5 32. Ne4 Rd5 33. Nfd2
Kf8 34. Ke2 Ke7 35. Ra3 f5 36. Nc3 Rxd2+ 0-1

[Event "SR 3. liga A2 2006/2007"]
[Site "?"]
[Date "2007.03.11"]
[Round "10"]
[White "Slamka, Michal"]
[Black "Sandor, Stefan"]
[Result "1-0"]
[WhiteElo "1681"]
[BlackElo "1492"]
[Annotator "Gabcíkovo - Hlohovec jun.  /8/"]
[PlyCount "57"]
[EventDate "2006.??.??"]

1. e4 e5 2. Nf3 Nf6 3. Nc3 Nc6 4. Bb5 d6 5. d3 Bd7 6. O-O Be7 7. Ne2 a6 8. Ba4
b5 9. Bb3 Na5 10. c3 Nxb3 11. axb3 O-O 12. Ng3 Be6 13. Ng5 Bg4 14. f3 Bd7 15.
f4 h6 16. Nf3 exf4 17. Bxf4 Nh7 18. Nd4 Bf6 19. Ndf5 Bg5 20. b4 Bxf4 21. Rxf4
Qg5 22. Rg4 Qd8 23. Rxg7+ Kh8 24. Qh5 Qf6 25. Rg4 Ng5 26. Rh4 Ne6 27. Qxh6+
Qxh6 28. Rxh6+ Kg8 29. Nh5 1-0

[Event "SR 3. liga A2 2006/2007"]
[Site "?"]
[Date "2007.03.11"]
[Round "10"]
[White "Halas, Miroslav"]
[Black "Palka, Miroslav"]
[Result "0-1"]
[WhiteElo "1999"]
[BlackElo "2055"]
[Annotator "Trnava C - Senica B  /1/"]
[PlyCount "62"]
[EventDate "2006.??.??"]

1. e4 c5 2. Nf3 d6 3. d4 cxd4 4. Nxd4 Nf6 5. Nc3 g6 6. Bc4 Bg7 7. O-O O-O 8.
Bg5 Qa5 9. h4 Nc6 10. Nb3 Qb4 11. Qe2 Ne5 12. Bd3 Nxd3 13. cxd3 Be6 14. Be3 Ng4
15. Bd2 Qb6 16. Rfc1 Bxb3 17. Qxg4 Be6 18. Qe2 Rac8 19. Be3 Qa5 20. Qd2 Qh5 21.
g3 a6 22. Ne2 Qf3 23. Nf4 Bg4 24. Kh2 e5 25. Nd5 Rxc1 26. Rxc1 Be6 27. Ne7+ Kh8
28. Rc7 Qg4 29. Rxb7 Qh3+ 30. Kg1 Bg4 31. Qc1 Bf3 0-1

[Event "SR 3. liga A2 2006/2007"]
[Site "?"]
[Date "2007.03.11"]
[Round "10"]
[White "Sebesta, Radovan"]
[Black "Bukovsky, Milan"]
[Result "1-0"]
[WhiteElo "2057"]
[BlackElo "2036"]
[Annotator "Trnava C - Senica B  /2/"]
[PlyCount "61"]
[EventDate "2006.??.??"]

1. d4 Nf6 2. c4 e6 3. Nc3 Bb4 4. a3 Bxc3+ 5. bxc3 c5 6. Nf3 Qa5 7. Bd2 Ne4 8.
e3 d6 9. Bd3 Nxd2 10. Qxd2 Nd7 11. O-O O-O 12. Rfb1 Nf6 13. e4 Rd8 14. Rd1 Bd7
15. e5 dxe5 16. dxe5 Ne8 17. Bxh7+ Kxh7 18. Ng5+ Kg8 19. Qd3 Kf8 20. Qf3 f6 21.
Nh7+ Ke7 22. exf6+ gxf6 23. Qh5 Rdc8 24. Qh6 Qxc3 25. Qf8+ Kd8 26. Rac1 Qe5 27.
Qf7 Rc7 28. Nf8 Nd6 29. Qg8 Ne8 30. Nxe6+ Kc8 31. Qxe8+ 1-0

[Event "SR 3. liga A2 2006/2007"]
[Site "?"]
[Date "2007.03.11"]
[Round "10"]
[White "Vyboch, Jozef"]
[Black "Skapikova, Lubica"]
[Result "1/2-1/2"]
[WhiteElo "2006"]
[BlackElo "2013"]
[Annotator "Trnava C - Senica B  /3/"]
[PlyCount "55"]
[EventDate "2006.??.??"]

1. Nf3 Nc6 2. e4 e5 3. Bc4 Bc5 4. c3 Nf6 5. d4 exd4 6. cxd4 Bb4+ 7. Bd2 Bxd2+
8. Nbxd2 d5 9. exd5 Nxd5 10. Qb3 Na5 11. Qa4+ c6 12. Bxd5 Qxd5 13. O-O O-O 14.
Rac1 b6 15. b4 Nb7 16. Qxc6 Be6 17. Qxd5 Bxd5 18. Rc7 Rac8 19. Rfc1 Nd6 20. a4
f6 21. Ne1 Rfe8 22. Kf1 a6 23. f3 Rcd8 24. Ra7 Ra8 25. Rd7 Rad8 26. Ra7 Ra8 27.
Rd7 Rad8 28. Ra7 1/2-1/2

[Event "SR 3. liga A2 2006/2007"]
[Site "?"]
[Date "2007.03.11"]
[Round "10"]
[White "Zisek, Jaroslav"]
[Black "Krist, Milan"]
[Result "1/2-1/2"]
[WhiteElo "1946"]
[BlackElo "2039"]
[Annotator "Trnava C - Senica B  /4/"]
[PlyCount "93"]
[EventDate "2006.??.??"]

1. c4 c5 2. Nf3 Nf6 3. d4 e6 4. Nc3 d5 5. dxc5 Bxc5 6. cxd5 exd5 7. e3 O-O 8.
Be2 Nc6 9. O-O h6 10. b3 Be6 11. Bb2 a6 12. Rc1 Ba7 13. Na4 Rc8 14. Nd4 Nxd4
15. Bxd4 Rxc1 16. Qxc1 Qb8 17. Bxa7 Qxa7 18. Qc5 Qb8 19. Rc1 Rc8 20. Qa3 Rxc1+
21. Qxc1 Qc8 22. Qxc8+ Bxc8 23. Nc5 Kf8 24. Kf1 Ke7 25. f3 Kd6 26. b4 Nd7 27.
Nb3 Nb6 28. Bd3 Nc4 29. Ke2 Ne5 30. Bc2 Bd7 31. Nd4 Nc6 32. Nxc6 Kxc6 33. Ba4+
Kd6 34. Bxd7 Kxd7 35. Kd3 Kc6 36. Kd4 Kb5 37. Kxd5 Kxb4 38. e4 Ka3 39. f4 Kxa2
40. e5 b5 41. f5 b4 42. e6 fxe6+ 43. fxe6 b3 44. e7 b2 45. e8=Q b1=Q 46. Qa4+
Kb2 47. Qb4+ 1/2-1/2

[Event "SR 3. liga A2 2006/2007"]
[Site "?"]
[Date "2007.03.11"]
[Round "10"]
[White "Bahna, Jan"]
[Black "Sipkovsky, Ivan"]
[Result "1/2-1/2"]
[WhiteElo "1978"]
[BlackElo "1901"]
[Annotator "Trnava C - Senica B  /5/"]
[PlyCount "87"]
[EventDate "2006.??.??"]

1. e4 c5 2. Nc3 Nc6 3. g3 g6 4. Bg2 Bg7 5. d3 e6 6. Nh3 Nge7 7. Nf4 O-O 8. Be3
d6 9. Qd2 a6 10. h4 Qa5 11. h5 Rb8 12. Nfe2 Re8 13. Bh6 Bh8 14. Bg5 Nd4 15.
Nxd4 cxd4 16. Ne2 Qxd2+ 17. Kxd2 Bd7 18. Rh2 Nc6 19. f4 Bg7 20. g4 h6 21. Bh4
e5 22. hxg6 fxg6 23. g5 h5 24. Bh3 Bxh3 25. Rxh3 Rf8 26. Rf1 Ne7 27. Rhf3 exf4
28. Nxf4 Be5 29. Ne6 Rxf3 30. Rxf3 Re8 31. Bf2 Nc6 32. Nc7 Rf8 33. Rxf8+ Kxf8
34. Bh4 Bf4+ 35. Kd1 Be5 36. a3 Kf7 37. Ke2 Bf4 38. b4 Bc1 39. b5 axb5 40. Nxb5
Ke6 41. a4 Bb2 42. Bg3 Ne5 43. a5 Kd7 44. Bf2 1/2-1/2

[Event "SR 3. liga A2 2006/2007"]
[Site "?"]
[Date "2007.03.11"]
[Round "10"]
[White "Palka, Martin"]
[Black "Hagara, Vladimir"]
[Result "0-1"]
[WhiteElo "1901"]
[BlackElo "1975"]
[Annotator "Trnava C - Senica B  /6/"]
[PlyCount "74"]
[EventDate "2006.??.??"]

1. e4 d6 2. d4 Nf6 3. Nc3 c6 4. f3 Nbd7 5. Bc4 e6 6. Be3 Be7 7. a4 O-O 8. Qd2
d5 9. Bd3 dxe4 10. Nxe4 Nxe4 11. fxe4 Nf6 12. h3 b6 13. Nf3 Bb7 14. e5 Nd5 15.
Bf2 Rc8 16. c3 c5 17. O-O cxd4 18. Nxd4 Bg5 19. Qe1 Nf4 20. Be4 Ba6 21. Nb5 Qe7
22. h4 Bh6 23. Be3 Ng6 24. Bxh6 gxh6 25. h5 Qc5+ 26. Kh1 Nxe5 27. Qg3+ Kh8 28.
Qf4 f5 29. Bc2 Ng4 30. Rf3 Rcd8 31. Rg3 e5 32. Qf3 Nf2+ 33. Kh2 f4 34. Rg4
Nxg4+ 35. Qxg4 Bc8 36. Qf3 Rd2 37. Qe4 Bf5 0-1

[Event "SR 3. liga A2 2006/2007"]
[Site "?"]
[Date "2007.03.11"]
[Round "10"]
[White "Klanica, Anton"]
[Black "Fidericky, Milan"]
[Result "1/2-1/2"]
[WhiteElo "1927"]
[BlackElo "1888"]
[Annotator "Trnava C - Senica B  /7/"]
[PlyCount "140"]
[EventDate "2006.??.??"]

1. e4 e5 2. Nf3 Nf6 3. Nxe5 d6 4. Nf3 Nxe4 5. Qe2 Qe7 6. d3 Nf6 7. Bg5 Qxe2+ 8.
Bxe2 Be7 9. O-O Be6 10. Nd4 Nc6 11. Nxc6 bxc6 12. Bf3 Kd7 13. Nd2 d5 14. Nb3
Rab8 15. Rab1 c5 16. c3 Rhd8 17. Rfd1 Ke8 18. Rd2 Nd7 19. Bxe7 Kxe7 20. Re1 Kd6
21. g3 Nf6 22. d4 c4 23. Nc5 Re8 24. Rde2 Nd7 25. Nxd7 Bxd7 26. Rxe8 Rxe8 27.
Rxe8 Bxe8 28. Bd1 c5 29. f3 cxd4 30. cxd4 Kc7 31. Kf2 Kb6 32. Ke3 Ka5 33. Kd2
Ba4 34. Be2 Kb6 35. f4 Bd7 36. Bd1 Kc7 37. Kc3 a5 38. b3 cxb3 39. Kxb3 Bb5 40.
Ka3 Kb6 41. Kb2 Bd3 42. Bb3 Be4 43. Kc3 Kb5 44. Bd1 f6 45. Bb3 h6 46. Bd1 g6
47. Bb3 g5 48. fxg5 fxg5 49. Bd1 Bb1 50. Be2+ Kc6 51. Kb2 Be4 52. Kb3 Kb6 53.
Bh5 Bd3 54. a3 Be4 55. Bf7 Bf3 56. Kc3 Be4 57. Be8 Bf3 58. Kd2 Kc7 59. Ba4 Kb6
60. Ke3 Be4 61. Be8 Bg2 62. h4 Be4 63. Ba4 Bh1 64. Bd7 Be4 65. hxg5 hxg5 66. a4
Kc7 67. Bb5 Kd6 68. Be2 Ke6 69. Bg4+ Kf6 70. Bd7 Ke7 1/2-1/2

[Event "SR 3. liga A2 2006/2007"]
[Site "?"]
[Date "2007.03.11"]
[Round "10"]
[White "Havlicek, Peter"]
[Black "Herega, Jozef"]
[Result "0-1"]
[WhiteElo "1715"]
[BlackElo "1892"]
[Annotator "Trnava C - Senica B  /8/"]
[PlyCount "83"]
[EventDate "2006.??.??"]

1. e4 c5 2. Nf3 d6 3. c3 Nf6 4. d3 g6 5. Be2 Bg7 6. O-O O-O 7. Be3 Nbd7 8. h3
b6 9. Nh2 d5 10. f3 Bb7 11. Qd2 Nh5 12. Bh6 Ng3 13. Rf2 dxe4 14. Bxg7 Kxg7 15.
dxe4 Bxe4 16. Qg5 Nxe2+ 17. Rxe2 Bxb1 18. Rxb1 Nf6 19. Rbe1 e6 20. Rd2 Qc7 21.
Red1 Rad8 22. Ng4 Nxg4 23. hxg4 Rxd2 24. Rxd2 h6 25. Qe3 Rd8 26. f4 Rxd2 27.
Qxd2 Qe7 28. g3 Qb7 29. Qe2 Qd5 30. c4 Qd4+ 31. Kg2 g5 32. Kf3 Qd6 33. b3 Qc6+
34. Ke3 Qd6 35. Kf3 f5 36. Qb2+ Qd4 37. Qe2 Qc3+ 38. Kg2 fxg4 39. Qxg4 Qc2+ 40.
Kh3 Qf5 41. b4 Qxg4+ 42. Kxg4 0-1

[Event "SR 3. liga A2 2006/2007"]
[Site "?"]
[Date "2007.03.11"]
[Round "10"]
[White "Vertetics, Attila"]
[Black "Provaznik, Michal"]
[Result "1-0"]
[WhiteElo "2245"]
[BlackElo "2176"]
[Annotator "Velký Meder - Holíc  /1/"]
[PlyCount "103"]
[EventDate "2006.??.??"]

1. d4 Nf6 2. Nf3 e6 3. c4 Bb4+ 4. Bd2 Qe7 5. Nc3 b6 6. g3 Bb7 7. Bg2 O-O 8. O-O
Bxc3 9. Bxc3 d6 10. b3 Nbd7 11. Qc2 c5 12. Rfd1 Rac8 13. dxc5 Nxc5 14. Rac1
Rfd8 15. Qb2 Nce4 16. Be1 Qc7 17. Nd4 a6 18. f3 Nc5 19. Bf2 Qe7 20. b4 Ncd7 21.
Nb3 e5 22. e4 d5 23. cxd5 Qxb4 24. a3 Qd6 25. Be1 Rxc1 26. Rxc1 Rc8 27. Bb4 Qb8
28. Bh3 Rxc1+ 29. Qxc1 a5 30. Be7 a4 31. Nd2 b5 32. Bf1 Qa7+ 33. Kg2 Qa5 34.
Qb2 Ba6 35. Qc2 h6 36. Nb1 Qe1 37. Bb4 Qe3 38. Qc3 Ng4 39. Qc2 Ngf6 40. Nc3 g5
41. Qf2 Qc1 42. Be2 h5 43. Qa7 g4 44. Qxa6 Qd2 45. Qa7 gxf3+ 46. Kxf3 Ng4 47.
h3 Ndf6 48. Qg1 Nxe4 49. Nxe4 Qxd5 50. Qc5 Nh2+ 51. Ke3 Qb3+ 52. Bd3 1-0

[Event "SR 3. liga A2 2006/2007"]
[Site "?"]
[Date "2007.03.11"]
[Round "10"]
[White "Horak, Ivan"]
[Black "Ress, Tamas"]
[Result "1-0"]
[WhiteElo "2127"]
[BlackElo "2147"]
[Annotator "Velký Meder - Holíc  /2/"]
[PlyCount "103"]
[EventDate "2006.??.??"]

1. e4 c5 2. Nc3 Nc6 3. f4 g6 4. Nf3 Bg7 5. Bb5 Nd4 6. O-O e6 7. a4 Ne7 8. e5 a6
9. Bd3 d6 10. Ne4 dxe5 11. fxe5 O-O 12. Nf6+ Kh8 13. Ng5 Ndf5 14. Qe1 Bxf6 15.
exf6 Qd4+ 16. Kh1 Qxf6 17. Ne4 Qd4 18. Rb1 e5 19. b3 f6 20. Bb2 Qd5 21. Nxf6
Rxf6 22. Qxe5 Qxe5 23. Bxe5 Kg7 24. g4 Be6 25. g5 Nc6 26. Bxf6+ Kf7 27. Bxf5
Bxf5 28. d3 Nb4 29. Rf2 Re8 30. Bc3 Nd5 31. Bd2 Nc7 32. Re1 Ne6 33. Re5 Rd8 34.
Be3 b6 35. a5 b5 36. Bxc5 Rc8 37. b4 Nxg5 38. Rexf5+ gxf5 39. Rxf5+ Kg6 40. Rf8
Rc6 41. Rb8 Kf5 42. Rb6 Rc8 43. Kg2 Re8 44. Kf2 Kg4 45. Rxa6 Nh3+ 46. Kf1 Nf4
47. Rf6 Nd5 48. Rf7 Re6 49. Rxh7 Nc3 50. Re7 Rh6 51. Rg7+ Kf3 52. Rg3+ 1-0

[Event "SR 3. liga A2 2006/2007"]
[Site "?"]
[Date "2007.03.11"]
[Round "10"]
[White "Ivan, Imrich ml"]
[Black "Kovarik, Oto"]
[Result "0-1"]
[WhiteElo "2034"]
[BlackElo "2050"]
[Annotator "Velký Meder - Holíc  /3/"]
[PlyCount "34"]
[EventDate "2006.??.??"]

1. Nf3 d5 2. c4 e6 3. b3 c5 4. Bb2 Nf6 5. d4 dxc4 6. bxc4 Be7 7. e3 O-O 8. Bd3
cxd4 9. exd4 b6 10. O-O Bb7 11. Ne5 Nc6 12. Nxc6 Bxc6 13. Nd2 Rc8 14. Qe2 Bd6
15. Rac1 Bb8 16. Ne4 Nxe4 17. Bxe4 Qh4 0-1

[Event "SR 3. liga A2 2006/2007"]
[Site "?"]
[Date "2007.03.11"]
[Round "10"]
[White "Bilovsky, Milan"]
[Black "Csefalvay, Stefan"]
[Result "1-0"]
[WhiteElo "1880"]
[BlackElo "1957"]
[Annotator "Velký Meder - Holíc  /4/"]
[PlyCount "93"]
[EventDate "2006.??.??"]

1. c4 c5 2. Nc3 Nc6 3. g3 g6 4. Bg2 Bg7 5. e3 d6 6. Nge2 Nf6 7. d4 cxd4 8. exd4
O-O 9. O-O Bd7 10. a3 a5 11. Bd2 Ng4 12. h3 Nf6 13. Be3 Qc8 14. Kh2 Rd8 15. Rc1
Be8 16. Nd5 Qb8 17. Nec3 e6 18. Nxf6+ Bxf6 19. Ne4 Bg7 20. Bg5 Bxd4 21. Nf6+
Bxf6 22. Bxf6 Ne5 23. Qd2 Nd7 24. Bxd8 Qxd8 25. Bxb7 Rb8 26. Bg2 Nc5 27. Rcd1
Kg7 28. b4 axb4 29. axb4 Na4 30. c5 d5 31. Ra1 Qf6 32. Rfc1 Rc8 33. Ra2 Bc6 34.
Qc2 Nxc5 35. bxc5 e5 36. Ra6 Qe7 37. Qd2 Bb5 38. Rd6 d4 39. Rb6 Bd7 40. c6 Be6
41. f4 Qd6 42. fxe5 Qxe5 43. Qf4 Qxf4 44. gxf4 d3 45. Be4 d2 46. Rd1 Rd8 47. c7
1-0

[Event "SR 3. liga A2 2006/2007"]
[Site "?"]
[Date "2007.03.11"]
[Round "10"]
[White "Vizvari, Ludovit"]
[Black "Holly, Milan"]
[Result "1-0"]
[WhiteElo "2033"]
[BlackElo "1776"]
[Annotator "Velký Meder - Holíc  /5/"]
[PlyCount "105"]
[EventDate "2006.??.??"]

1. d4 e6 2. c4 b6 3. Nc3 Bb7 4. e4 Bb4 5. Bd3 c5 6. d5 Bxc3+ 7. bxc3 Ne7 8. f4
O-O 9. Nf3 Ng6 10. O-O Na6 11. d6 f5 12. e5 Nh4 13. Be2 Nb8 14. Be3 Nxf3+ 15.
Bxf3 Bxf3 16. Rxf3 Nc6 17. Qe2 Rf7 18. Rh3 g6 19. Bf2 Na5 20. Bh4 Qc8 21. Rb1
Qc6 22. Re3 Qa4 23. Be7 Qxc4 24. Qxc4 Nxc4 25. Re2 Rc8 26. Kf2 Na5 27. a4 Nc6
28. Bf6 Na5 29. Kf3 c4 30. g4 fxg4+ 31. Kxg4 Rc5 32. Rb5 Rxb5 33. axb5 Rf8 34.
h4 Rc8 35. h5 Kf7 36. hxg6+ Kxg6 37. Rh2 Rg8 38. Bg5 Rg7 39. Rh6+ Kf7 40. f5
exf5+ 41. Kxf5 Nb7 42. Bf6 Rg1 43. Rxh7+ Ke8 44. Re7+ Kf8 45. Rxd7 Rf1+ 46. Kg6
Rg1+ 47. Bg5 Rxg5+ 48. Kxg5 Nc5 49. Rxa7 Ne4+ 50. Kg6 Ke8 51. Kf5 Nxc3 52. e6
Kf8 53. Kg6 1-0

[Event "SR 3. liga A2 2006/2007"]
[Site "?"]
[Date "2007.03.11"]
[Round "10"]
[White "Brisudova, Veronika"]
[Black "Ivan, Imrich st"]
[Result "1/2-1/2"]
[WhiteElo "1664"]
[BlackElo "1858"]
[Annotator "Velký Meder - Holíc  /6/"]
[PlyCount "58"]
[EventDate "2006.??.??"]

1. e4 e6 2. d4 d5 3. e5 c5 4. c3 Nc6 5. Bb5 Bd7 6. Bxc6 Bxc6 7. Nf3 cxd4 8.
Nxd4 Qc7 9. f4 Nh6 10. Nd2 Bc5 11. N2b3 Bb6 12. Be3 Ba4 13. Qf3 Bxb3 14. Nxb3
Nf5 15. Bf2 h5 16. Rd1 Bxf2+ 17. Qxf2 b6 18. Nd4 Nxd4 19. Qxd4 Qc5 20. O-O g6
21. g3 Rc8 22. Rf2 Qxd4 23. Rxd4 Ke7 24. Ra4 Rc7 25. Rd2 Rhc8 26. Kf2 a5 27.
Kf3 Rc4 28. Rxc4 Rxc4 29. Rd4 Rc5 1/2-1/2

[Event "SR 3. liga A2 2006/2007"]
[Site "?"]
[Date "2007.03.11"]
[Round "10"]
[White "Vegh, Vince"]
[Black "Holiencin, Filip"]
[Result "1-0"]
[WhiteElo "1846"]
[BlackElo "1635"]
[Annotator "Velký Meder - Holíc  /7/"]
[PlyCount "45"]
[EventDate "2006.??.??"]

1. e4 c5 2. Nf3 d6 3. d4 cxd4 4. Nxd4 Nf6 5. Nc3 a6 6. Be3 e6 7. Be2 Be7 8. O-O
O-O 9. f4 Nc6 10. Kh1 Qc7 11. Qe1 b5 12. a3 Bb7 13. Bd3 Nd7 14. Qg3 Bf6 15.
Nde2 Na5 16. Qh3 g6 17. Rad1 Rad8 18. f5 exf5 19. exf5 Rfe8 20. fxg6 fxg6 21.
Nf4 Nf8 22. Nfd5 Bxd5 23. Nxd5 1-0

[Event "SR 3. liga A2 2006/2007"]
[Site "?"]
[Date "2007.03.11"]
[Round "10"]
[White "Harastova, Viera"]
[Black "Sooky, Ladislav"]
[Result "1/2-1/2"]
[WhiteElo "1607"]
[BlackElo "1495"]
[Annotator "Velký Meder - Holíc  /8/"]
[PlyCount "40"]
[EventDate "2006.??.??"]

1. d4 e6 2. c4 c5 3. Nf3 cxd4 4. Nxd4 Nf6 5. Nc3 Be7 6. e3 d6 7. Bd3 Bd7 8. O-O
Nc6 9. Qe2 a6 10. a3 Rc8 11. Bd2 Nxd4 12. exd4 Bc6 13. Rfe1 d5 14. c5 O-O 15.
Qf3 Nd7 16. Qh3 Nf6 17. Re5 g6 18. Bh6 Re8 19. Rae1 Nd7 20. Rh5 Bf6 1/2-1/2

[Event "SR 3. liga A2 2006/2007"]
[Site "?"]
[Date "2007.03.11"]
[Round "10"]
[White "Blatnicky, Miroslav"]
[Black "Pribila, Michal"]
[Result "1-0"]
[WhiteElo "2163"]
[BlackElo "2095"]
[Annotator "Vrbové - Gbely  /1/"]
[PlyCount "103"]
[EventDate "2006.??.??"]

1. e4 c5 2. Nf3 d6 3. d4 cxd4 4. Nxd4 Nf6 5. Nc3 a6 6. Bg5 e6 7. f4 Nbd7 8. Qf3
Be7 9. O-O-O Qc7 10. Bd3 h6 11. Bxf6 Nxf6 12. Rhe1 Nd7 13. Kb1 Bf6 14. Nce2 Nc5
15. Nb3 Nxb3 16. cxb3 Bd7 17. f5 e5 18. Bc4 Bc6 19. Nc3 O-O-O 20. Bd5 Kb8 21.
Rc1 Bg5 22. Rc2 Rc8 23. Qd3 Bxd5 24. Qxd5 Rhd8 25. g3 h5 26. Ree2 Qb6 27. Qd1
Qd4 28. Qe1 Rc6 29. Nd5 Rdc8 30. h4 Bh6 31. Rxc6 Rxc6 32. Rc2 Rxc2 33. Kxc2 f6
34. a3 a5 35. a4 b6 36. Kb1 Kb7 37. Ka2 Qd3 38. Qf2 Qd4 39. Qe2 Bc1 40. Qc2 Qc5
41. Nc3 Be3 42. Qe2 Bd4 43. Nb5 Qc1 44. Nxd6+ Ka7 45. Nc4 Ka6 46. Nxe5+ Kb7 47.
Nc4 Qg1 48. Nd6+ Kc6 49. Nb5 Be5 50. Qc4+ Qc5 51. Qe6+ Bd6 52. Qc8+ 1-0

[Event "SR 3. liga A2 2006/2007"]
[Site "?"]
[Date "2007.03.11"]
[Round "10"]
[White "Pribila, Gerhard"]
[Black "Feranec, Milan"]
[Result "1-0"]
[WhiteElo "2022"]
[BlackElo "1890"]
[Annotator "Vrbové - Gbely  /2/"]
[PlyCount "123"]
[EventDate "2006.??.??"]

1. e4 Nc6 2. Nf3 g6 3. d4 d6 4. d5 Ne5 5. Nxe5 dxe5 6. Be2 Bg7 7. c4 b6 8. O-O
e6 9. Nc3 Ne7 10. Bg5 O-O 11. Qd2 Re8 12. Rad1 f6 13. Bh6 Bh8 14. Qc1 Bb7 15.
dxe6 Qc8 16. Nd5 c5 17. f4 Qxe6 18. Nc7 Qf7 19. Nxe8 Qxe8 20. fxe5 f5 21. Bf3
Bxe5 22. exf5 Bxf3 23. Rxf3 Nxf5 24. Kh1 Qa4 25. Rdf1 Qd7 26. Bg5 Re8 27. Rd1
Qc7 28. Bf4 Qg7 29. Bxe5 Qxe5 30. Qd2 Nd4 31. Rff1 Qh5 32. Qf2 Nf5 33. Qf3 Qxf3
34. Rxf3 Nd4 35. Rf2 Re7 36. Kg1 Kg7 37. Kf1 h5 38. Re1 Rd7 39. g3 g5 40. Re5
Kg6 41. Rd5 Re7 42. Rd6+ Re6 43. Rxe6+ Nxe6 44. Rd2 Nd4 45. Rf2 Kg7 46. h3 a5
47. b3 Kg6 48. Rf8 g4 49. hxg4 hxg4 50. Rb8 Kf5 51. Rxb6 Ke4 52. Kf2 Kd3 53.
Ra6 Nc2 54. Rxa5 Kd4 55. Ra8 Kc3 56. Rb8 Nb4 57. Rb5 Kd4 58. a4 Nd3+ 59. Ke2
Kc3 60. a5 Nb4 61. Rxb4 Kxb4 62. a6 1-0

[Event "SR 3. liga A2 2006/2007"]
[Site "?"]
[Date "2007.03.11"]
[Round "10"]
[White "Krchnak, Rudolf"]
[Black "Vach, Jozef"]
[Result "1/2-1/2"]
[WhiteElo "1950"]
[BlackElo "1992"]
[Annotator "Vrbové - Gbely  /3/"]
[PlyCount "103"]
[EventDate "2006.??.??"]

1. d4 d5 2. Nc3 Nf6 3. Bg5 Nbd7 4. Nf3 c6 5. e3 e6 6. Bd3 Be7 7. O-O O-O 8. h3
b6 9. e4 dxe4 10. Nxe4 Bb7 11. Nxf6+ Nxf6 12. c3 Rc8 13. Qc2 h6 14. Bh4 c5 15.
dxc5 Bxc5 16. Rad1 Qe7 17. Rfe1 Kh8 18. Ne5 g5 19. Bg3 Nh5 20. Bh2 Nf6 21. Qa4
a5 22. Ng4 Bc6 23. Qc2 Nxg4 24. hxg4 f6 25. Be4 Bxe4 26. Qxe4 e5 27. a3 b5 28.
Qf5 Kg7 29. Rd7 Rce8 30. Rxe7+ Rxe7 31. Kf1 Rd8 32. Bxe5 fxe5 $11 33. Rxe5 Rf7
34. Rxc5 Rxf5 35. gxf5 b4 36. axb4 axb4 37. cxb4 Rd2 38. g4 Rd4 39. f3 Rxb4 $11
40. Rc2 h5 41. gxh5 Rf4 42. Kg2 Rxf5 43. Kg3 Kh6 44. b4 Kxh5 45. Rc5 Rf4 46. b5
Rb4 47. Re5 Kg6 48. Rc5 Kf6 49. Rc6+ Kf5 50. b6 Ke5 51. Rc5+ Kf6 52. Rc6+ $11
1/2-1/2

[Event "SR 3. liga A2 2006/2007"]
[Site "?"]
[Date "2007.03.11"]
[Round "10"]
[White "Jozefovic, Milan"]
[Black "Smrek, Peter"]
[Result "0-1"]
[WhiteElo "1956"]
[BlackElo "1964"]
[Annotator "Vrbové - Gbely  /4/"]
[PlyCount "142"]
[EventDate "2006.??.??"]

1. e4 e5 2. Nf3 Nf6 3. Nc3 Nc6 4. d4 exd4 5. Nxd4 Nxd4 6. Qxd4 d6 7. Bg5 Be7 8.
O-O-O h6 9. Bh4 Bd7 10. f4 Nh5 11. Bxe7 Qxe7 12. Nd5 Qd8 13. Be2 Nf6 14. Bf3
Nxd5 15. Qxd5 Bc6 16. Qd4 O-O 17. g4 Re8 18. h4 Qf6 19. Qxf6 gxf6 20. Rhe1 Rad8
21. c4 a6 22. Re3 b5 23. Rd4 Rd7 24. Rc3 Rde7 25. Re3 bxc4 26. Rxc4 Bb5 27. Rd4
Rd8 28. Rc3 Rdd7 29. b4 c6 30. Kb2 d5 31. exd5 cxd5 32. Bxd5 Re2+ 33. Kb3 Rg2
34. Bxf7+ Rxf7 35. Rc8+ Rf8 36. Rxf8+ Kxf8 37. g5 hxg5 38. hxg5 fxg5 39. fxg5
Rxg5 40. Rf4+ Ke7 41. Rf3 Bc6 42. Re3+ Kf6 43. a4 Bd5+ 44. Kc3 Rg4 45. Rh3 Rc4+
46. Kd3 Kg5 47. Rg3+ Kf5 48. Rf3+ Ke5 49. Rg3 Rxb4 50. Rg5+ Kd6 51. Rg6+ Kc5
52. a5 Ra4 53. Kc3 Rxa5 54. Rg7 Ra3+ 55. Kb2 Rb3+ 56. Kc2 a5 57. Rc7+ Kd4 58.
Ra7 Rb5 59. Ra6 Kc4 60. Ra7 Be4+ 61. Kc1 Kb3 62. Re7 Rb4 63. Rg7 Rc4+ 64. Kd2
a4 65. Rg3+ Kb2 66. Rg5 Bc2 67. Rb5+ Bb3 68. Kd3 a3 69. Rg5 a2 70. Rg2+ Rc2 71.
Rg1 Rc1 0-1

[Event "SR 3. liga A2 2006/2007"]
[Site "?"]
[Date "2007.03.11"]
[Round "10"]
[White "Podjavorinsky, Peter"]
[Black "Kocak, Branislav"]
[Result "0-1"]
[WhiteElo "1704"]
[BlackElo "1774"]
[Annotator "Vrbové - Gbely  /5/"]
[PlyCount "96"]
[EventDate "2006.??.??"]

1. e4 c5 2. Nf3 d6 3. d4 cxd4 4. Nxd4 Nf6 5. Nc3 g6 6. Be2 Bg7 7. Be3 O-O 8.
O-O Nc6 9. Rb1 Bd7 10. a3 a6 11. Nb3 b5 12. f4 Be6 13. Nd5 Nxe4 14. Bf3 f5 15.
Qd3 Rc8 16. Nb6 Rb8 17. Nd5 Kh8 18. Rfc1 a5 19. Bxe4 fxe4 20. Qxe4 Bf5 21. Qf3
a4 22. Nd2 Nd4 23. Qd1 Rc8 24. Nb4 Re8 25. Nf3 Nxf3+ 26. Qxf3 e5 27. fxe5 dxe5
28. Qe2 Qd7 29. b3 Bg4 30. Qd2 Qxd2 31. Bxd2 Bf5 32. Be3 Red8 33. h3 h5 34. Kf2
Bf8 35. bxa4 bxa4 36. Kf3 Rc3 37. Ra1 Bc5 38. Re1 Bxc2 39. Nxc2 Rxc2 40. Bxc5
Rxc5 41. Re4 Rd4 42. Rae1 Rxe4 43. Rxe4 Rc3+ 44. Re3 Rxe3+ 45. Kxe3 Kg7 46. g4
Kf6 47. gxh5 gxh5 48. Ke4 h4 0-1